Statistics for NFL - 2024 Steelers Roster

Click here to take the quiz!

General Stats

  • This quiz has been taken 206 times
    (130 since last reset)
  • The average score is 14 of 24

Answer Stats

HintAnswer% Correct
WRGeorge Pickens
96%
WRDiontae Johnson
90%
RBNajee Harris
90%
QBMason Rudolph
88%
LBT.J. Watt
88%
FSMinkah Fitzpatrick
78%
DECameron Heyward
76%
KChris Boswell
76%
TEPat Freiermuth
69%
RTBroderick Jones
65%
CBJoey Porter Jr.
65%
WRAllen Robinson II
63%
LBAlex Highsmith
60%
PPressley Harvin III
57%
CMason Cole
48%
CBLevi Wallace
40%
MLBCole Holcomb
39%
LTDan Moore Jr.
38%
RGJames Daniels
37%
LGIssac Seumalo
36%
DTKeeanu Benton
36%
SSDamontae Kazee
35%
MLBElandon Roberts
35%
DELarry Ogunjobi
29%

Score Distribution

Percentile by Number Answered

Percent of People with Each Score

Your Score History

You have not taken this quiz since the last reset